Sports Quiz

Random Sports Quiz

West Ham Shirt Numbers Quiz Stats

Quiz not verified by Sporcle

Challenge
Share
Tweet
Embed
Score 0/32 Timer 06:00
0 Plays Today
Number Name % Correct
2Winston Reid
96.9%
5James Tomkins
82.2%
4Kevin Nolan
81.4%
3George McCartney
72.1%
7Matthew Jarvis
72.1%
9Andy Carroll
66.7%
16Mark Noble
55%
10Jack Collison
54.3%
8Răzvan Raț
53.5%
11Modibo Maïga
47.3%
13Adrian
46.5%
14Matthew Taylor
46.5%
12Ricardo Vaz Tê
43.4%
19James Collins
41.1%
20Guy Demel
41.1%
17Joey O'Brien
40.3%
Number Name % Correct
21Mohamed Diamé
35.7%
22Jussi Jääskeläinen
31.8%
26Joe Cole
28.3%
24Carlton Cole
24.7%
15Ravel Morrison
24.5%
23Stewart Downing
23.2%
18Alou Diarra
17%
27Daniel Potts
12.4%
38Dylan Tombides
10.1%
30Mladen Petric
6.7%
34George Moncur
5.6%
35Sebastian Lletget
5.6%
33Pelly Ruddock
4.5%
40Matthias Fanimo
4.5%
29Raphael Spiegel
3.4%
37Leo Chambers
3.4%

You're not logged in!

Compare scores with friends on all Sporcle quizzes.
Sign Up with Email
OR
Log In

You Might Also Like...

Show Comments

Extras

Top Quizzes Today


Score Distribution

Your Account Isn't Verified!

In order to create a playlist on Sporcle, you need to verify the email address you used during registration. Go to your Sporcle Settings to finish the process.

Report this User

Report this user for behavior that violates our Community Guidelines.

Details: